De quel Univers vient cette Carte ? - Statistiques

Statistiques générales
  • Ce quiz a été pris 704 fois
  • Le résultat moyen est 5 sur 16
Statistiques - réponses
Par images Réponse % Correct
Le Seigneur Des Anneaux
85%
Game Of Thrones
67%
Pokemon
49%
Le Monde de Narnia
48%
The Legend Of Zelda
47%
Minecraft
45%
World Of Warcraft
30%
The Witcher
29%
Red Dead Redemption II
26%
The Elder Scrolls
21%
Hunger Games
19%
Jurassic Park
17%
Elden Ring
16%
Final Fantasy X
12%
League Of Legends
10%
Dragon Ages
1%
Aucun quiz correspondant
Distribution des résultats
% des personnes avec chaque résultat
Percentile par nombre de réponses
Votre historique - résultats
Vous n’avez pas pris ce quiz